000 00918nam a2200241Ia 4500
999 _c39962
_d39962
001 6568
003 GE_BSU
005 20191024114846.0
008 181216s1948||||ge |||||||||||||| ||geo||
040 _cGE_BSU
041 _ageo
080 _a821.353.1-1 ბ-58
100 _aბესიკი
_94960
245 _a[ლექსები, ოდები და პოემები და ნარევი] /
_cბესიკი ; [წინასიტყ. ავტ. ლ. ასათიანი].
264 _aთბილისი :
_bსაბჭ. მწერალი ;
_c1948.
300 _a138 გვ. ;
_c14 სმ.
653 _aლექსები
653 _aოდები
653 _aპოემები
653 _aნარევი
700 _aასთიანი, ლადო
_eწინასიტყვაობის ავტორი
_94985
942 _cBK
_2udc